Nobel Prize Winners - Sudden Death - Statistics

General Stats
  • This quiz has been taken 572 times
    109 since last reset
  • The average score is 12 of 50
Answers on the Grid
Answers color-coded by a green-red scale on the quiz's grid according to % correct below.
Marie Curie
Steve Jobs
Albert Einstein
Leo Tolstoy
Rosa Luxemburg
Winston Churchill
Alan Turing
Paul Krugman
Stephen Hawking
Narges Mohammadi
Julian Assange
Mahatma Gandhi
Enrico Fermi
Thomas Edison
Barack Obama
Fyodor Dostoevsky
Karl Marx
Nelson Mandela
Albert Camus
Georgy Zhukov
Orhan Pamuk
Niels Bohr
Amelia Earhart
Erwin Rommel
Yasser Arafat
George Orwell
Margaret Thatcher
Ernest Hemingway
Greta Thunberg
Coco Chanel
Kofi Annan
Vladimir Putin
Bob Dylan
Malala Yousafzai
Erwin Schrödinger
Florence Nightingale
Toni Morrison
Angela Davis
Geoffrey Hinton
Mark Zuckerberg
Angela Merkel
Bertrand Russell
Thomas Mann
Joseph Stalin
Mother Teresa
Anwar Sadat
Noam Chomsky
Simone de Beauvoir
Desmond Tutu
Theodore Roosevelt
Alfred Hitchcock
Boris Pasternak
Frederick Douglass
Albrecht Kossel
Friedrich Nietzsche
Jeff Bezos
George Bernard Shaw
Charles Babbage
Tim Berners-Lee
Frederick Sanger
Wernher von Braun
Ernest Rutherford
Peter Higgs
Muhammad Ali
Hermann Hesse
Rosa Parks
Milton Friedman
Charles Darwin
Samuel Beckett
Willy Brandt
Ray Bradbury
Mikhail Gorbachev
Malcolm X
Salman Rushdie
Henry Ford
Rudyard Kipling
Günter Grass
Edward Snowden
Dmitry Muratov
Max Planck
Vladimir Nabokov
Lech Wałęsa
Sigmund Freud
Pablo Neruda
Franz Kafka
V. S. Naipaul
Ivan Pavlov
Margaret Atwood
Linus Pauling
Che Guevara
Knut Hamsun
Thomas Sankara
Joseph Brodsky
Alexander Fleming
Mark Twain
Lev Landau
Dorothy Hodgkin
Elon Musk
Haruki Murakami
 
Answer Stats
Answer % Correct
Marie Curie
77%
Albert Einstein
59%
Winston Churchill
49%
Barack Obama
46%
Mother Teresa
41%
Niels Bohr
36%
Ernest Hemingway
33%
Lech Wałęsa
33%
Nelson Mandela
33%
Yasser Arafat
33%
Bob Dylan
31%
Malala Yousafzai
31%
Ernest Rutherford
28%
Erwin Schrödinger
28%
Milton Friedman
28%
Alexander Fleming
26%
Desmond Tutu
26%
Pablo Neruda
26%
Rudyard Kipling
26%
Samuel Beckett
26%
Theodore Roosevelt
26%
Thomas Mann
26%
Albert Camus
23%
Enrico Fermi
23%
Max Planck
23%
Bertrand Russell
21%
Boris Pasternak
21%
George Bernard Shaw
21%
Günter Grass
21%
Hermann Hesse
21%
Knut Hamsun
21%
Linus Pauling
21%
Orhan Pamuk
21%
Toni Morrison
21%
Kofi Annan
18%
Mikhail Gorbachev
18%
V. S. Naipaul
18%
Anwar Sadat
15%
Ivan Pavlov
15%
Joseph Brodsky
15%
Paul Krugman
15%
Peter Higgs
15%
Willy Brandt
15%
Frederick Sanger
13%
Lev Landau
13%
Dmitry Muratov
10%
Dorothy Hodgkin
10%
Geoffrey Hinton
10%
Narges Mohammadi
10%
Albrecht Kossel
8%
No matching quizzes found
Score Distribution
Percent of People with Each Score
Percentile by Number Answered
Your Score History
You have not taken this quiz since the last reset